30 cidades mais populosas da Argentina - Statistics

Estatísticas Gerais
  • Esse quiz foi jogado 68 vezes
  • A pontuação média é 10 de 30
Estatísticas das Respostas
# População Letra Cidade % Correto
1 2.890.151 B Buenos Aires
100%
2 1.317.298 C Córdoba
94%
3 948.312 R Rosario
81%
25 193.144 L La Plata
76%
5 548.866 S San Miguel de Tucumán
59%
4 593.337 M Mar del Plata
50%
7 391.164 S Santa Fe
46%
13 262.379 Q Quilmes
43%
6 520.683 S Salta
37%
24 215.956 L Lanús
35%
14 257.970 S San Salvador de Jujuy
35%
16 252.192 S Santiago del Estero
35%
22 231.198 N Neuquén
33%
9 291.327 B Bahía Blanca
31%
19 247.139 P Paraná
31%
8 346.334 C Corrientes
30%
30 178.872 L La Rioja
24%
10 290.723 R Resistencia
24%
23 222.226 F Formosa
22%
26 191.299 G Godoy Cruz
20%
11 275.028 P Posadas
20%
20 246.467 B Banfield
19%
12 268.961 M Merlo
17%
17 248.362 G Gregorio de Laferrere
11%
29 180.523 B Berazategui
9%
28 189.067 L Las Heras
9%
27 190.696 I Isidro Casanova
6%
21 238.067 G González Catán
2%
15 252.618 G Guaymallén
0%
18 247.217 J José Clemente Paz
0%
Nenhum quiz correspondente encontrado
Distribuição das Pontuações
Porcentagem de Pessoas com Cada Pontuação
Percentil de Números Respondidos
Sua Pontuação Histórica
Você não jogou esse quiz